000 00371 a2200157 4500
001 70452
020 _a9788506064413
040 _cAnchieta - Itaigara
100 _aDominguez, Xan López
240 1 0 _aMinhas histórias perdidas
_lpor
245 1 0 _aMinhas histórias perdidas
300 _a23
362 0 _a1997
650 4 _aLiteratura infanto-juvenil
942 _cBK
999 _c70452
_d70452